Ejecucion de la pena privativa de la libertad: (Registro nro. 6525)
[ vista simple ]
| 000 -LEADER | |
|---|---|
| fixed length control field | 01741nam a22005417a 4500 |
| 003 - CONTROL NUMBER IDENTIFIER | |
| control field | OSt |
| 005 - DATE AND TIME OF LATEST TRANSACTION | |
| control field | 20260408104254.0 |
| 007 - PHYSICAL DESCRIPTION FIXED FIELD--GENERAL INFORMATION | |
| fixed length control field | ta |
| 008 - FIXED-LENGTH DATA ELEMENTS--GENERAL INFORMATION | |
| fixed length control field | 260408s2025 ag ||||| |||| 00| 0 spa d |
| 020 ## - INTERNATIONAL STANDARD BOOK NUMBER | |
| International Standard Book Number | 9786313200153 |
| 040 ## - CATALOGING SOURCE | |
| Transcribing agency | cj catamarca |
| 082 ## - DEWEY DECIMAL CLASSIFICATION NUMBER | |
| Classification number | 343.26 M754 |
| 100 10 - MAIN ENTRY--PERSONAL NAME | |
| 9 (RLIN) | 310 |
| Personal name | Monsalve, Maria Jimena |
| Relator term | coord. |
| 245 10 - TITLE STATEMENT | |
| Title | Ejecucion de la pena privativa de la libertad: |
| Remainder of title | Ley 24.660. Incluye reformas de las leyes 25.948, 26.472, 26.695, 26.813 y 27.375 |
| 250 ## - EDITION STATEMENT | |
| Edition statement | 1º ed. |
| 260 ## - PUBLICATION, DISTRIBUTION, ETC. | |
| Place of publication, distribution, etc. | Buenos Aires: |
| Name of publisher, distributor, etc. | Hammurabi, |
| Date of publication, distribution, etc. | 2025 |
| 300 ## - PHYSICAL DESCRIPTION | |
| Extent | 506 p. |
| Dimensions | 23 cm |
| 490 ## - SERIES STATEMENT | |
| Series statement | Leyes penales especiales |
| Volume/sequential designation | 6 |
| 500 ## - GENERAL NOTE | |
| General note | INVENTARIO Nº 8148 |
| 650 #7 - SUBJECT ADDED ENTRY--TOPICAL TERM | |
| Source of heading or term | SAIJ |
| 653 ## - INDEX TERM--UNCONTROLLED | |
| Uncontrolled term | DERECHO PROCESAL PENAL |
| 653 ## - INDEX TERM--UNCONTROLLED | |
| Uncontrolled term | EJECUCION DE LA PENA PRIVATIVA |
| 653 ## - INDEX TERM--UNCONTROLLED | |
| Uncontrolled term | LEY 24.660 |
| 653 ## - INDEX TERM--UNCONTROLLED | |
| Uncontrolled term | EJECUCION-PRINCIPIOS |
| 653 ## - INDEX TERM--UNCONTROLLED | |
| Uncontrolled term | SALIDAS TRANSITORIAS |
| 653 ## - INDEX TERM--UNCONTROLLED | |
| Uncontrolled term | LIBERTAD CONDICIONAL |
| 653 ## - INDEX TERM--UNCONTROLLED | |
| Uncontrolled term | PRISION DOMICILIARIA |
| 653 ## - INDEX TERM--UNCONTROLLED | |
| Uncontrolled term | TRABAJOS-COMUNIDAD |
| 653 ## - INDEX TERM--UNCONTROLLED | |
| Uncontrolled term | LIBERTAD ASISTIDA |
| 653 ## - INDEX TERM--UNCONTROLLED | |
| Uncontrolled term | EJECUCION-EXCEPCIONES |
| 653 ## - INDEX TERM--UNCONTROLLED | |
| Uncontrolled term | ALOJAMIENTO-TRATO |
| 653 ## - INDEX TERM--UNCONTROLLED | |
| Uncontrolled term | ALOJAMIENTO-DISCIPLINA |
| 653 ## - INDEX TERM--UNCONTROLLED | |
| Uncontrolled term | ALOJAMIENTO-CONDUCTA |
| 653 ## - INDEX TERM--UNCONTROLLED | |
| Uncontrolled term | ALOJAMIENTO-TRABAJO |
| 653 ## - INDEX TERM--UNCONTROLLED | |
| Uncontrolled term | EDUCACION |
| 653 ## - INDEX TERM--UNCONTROLLED | |
| Uncontrolled term | ASISTENCIA MEDICA |
| 653 ## - INDEX TERM--UNCONTROLLED | |
| Uncontrolled term | ASISTENCIA ESPIRITUAL |
| 653 ## - INDEX TERM--UNCONTROLLED | |
| Uncontrolled term | ASISTENCIA SOCIAL |
| 653 ## - INDEX TERM--UNCONTROLLED | |
| Uncontrolled term | ASISTENCIA POST PENITENCIARIA |
| 653 ## - INDEX TERM--UNCONTROLLED | |
| Uncontrolled term | PATRONATO-LIBERADOS |
| 653 ## - INDEX TERM--UNCONTROLLED | |
| Uncontrolled term | ESTABLECIMIENTO-MUJER |
| 653 ## - INDEX TERM--UNCONTROLLED | |
| Uncontrolled term | ESTABLECIMIENTO-JOVENES ADULTOS |
| 653 ## - INDEX TERM--UNCONTROLLED | |
| Uncontrolled term | ESTABLECIMIENTO-PERSONAL |
| 700 10 - ADDED ENTRY--PERSONAL NAME | |
| 9 (RLIN) | 311 |
| Personal name | Cabrera, Florencia S. |
| Relator term | coord. |
| 700 10 - ADDED ENTRY--PERSONAL NAME | |
| 9 (RLIN) | 312 |
| Personal name | Armendia, Patricia Mariela |
| Relator term | et.al |
| 856 ## - ELECTRONIC LOCATION AND ACCESS | |
| Uniform Resource Identifier | <a href="https://drive.google.com/file/d/1A_w65CYfDWeK99Z5sHClVWhvxPAk2DPM/view?usp=sharing">https://drive.google.com/file/d/1A_w65CYfDWeK99Z5sHClVWhvxPAk2DPM/view?usp=sharing</a> |
| 942 ## - ADDED ENTRY ELEMENTS (KOHA) | |
| Source of classification or shelving scheme | Dewey Decimal Classification |
| Koha item type | Book |
| Suppress in OPAC | No |
| Withdrawn status | Lost status | Source of classification or shelving scheme | Damaged status | Not for loan | Home library | Current library | Date acquired | Source of acquisition | Total Checkouts | Full call number | Barcode | Date last seen | Price effective from | Koha item type |
|---|---|---|---|---|---|---|---|---|---|---|---|---|---|---|
| Dewey Decimal Classification | PJCB | PJCB | 04/08/2026 | Compra | 343.26 M754 | 8148 | 04/08/2026 | 04/08/2026 | Book |

